000 01281nac a22003011u 4500
090 _c4132
008 080803t xxu||||| |||| 00| 0 eng d
010 _a 2006004948
020 _a0131730428
082 0 0 _a658.7
_bC549
100 _aChopra, Sunil,
245 1 0 _aSupply chain management :
_bstrategy, planning, and operation /
_cSunil Chopra, Peter Meindl.
250 _a3rd ed.
260 _aUpper Saddle River, N.J. :
_bPrentice Hall,
_cc2007.
300 _ap. cm.
504 _aIncludes bibliographical references and index.
650 0 _aMarketing channels
_xManagement.
650 0 _aDelivery of goods
_xManagement.
650 0 _aPhysical distribution of goods
_xManagement.
650 0 _aCustomer services
_xManagement.
650 0 _aIndustrial procurement.
650 0 _aMaterials management.
700 1 _aMeindl, Peter,
_d1970-
856 4 1 _3Table of contents only
_uhttp://www.loc.gov/catdir/toc/ecip068/2006004948.html
942 _cBB
_k658.7C549
_2ddc
999 _c4132
_d4132